| 000 | 00817nam a22001817a 4500 | ||
|---|---|---|---|
| 008 | 230623b |||||||| |||| 00| 0 eng d | ||
| 020 | _a9789994679638 | ||
| 041 | _aNep. | ||
| 082 | _aN321.4/K437r | ||
| 100 | _aकँडेल, पुष्पराज | ||
| 245 | _aराज्यको पुन:संरचना अर्थ राजनीति सन्दर्भ र संघियताको प्रश्न. | ||
| 250 | _aदोस्रो संस्क. | ||
| 260 |
_aकाठमाडौं: _bएशिया पब्लिकेसन्स, _c२०६४ पृ. |
||
| 300 | _b३१७ पृ.;सचित्र. | ||
| 504 | _aसन्दर्भग्रन्थसूची: पृ.२५३-२६६ | ||
| 650 | _aप्रजातन्त्र | ||
| 942 |
_2ddc _cGEN |
||
| 999 |
_c109752 _d109740 |
||